书目信息 |
| 题名: |
中国古代思想文化的历史论析
|
|
| 作者: | 陈启云 著 | |
| 分册: | ||
| 出版信息: | 北京 北京大学出版社 2001 |
|
| 页数: | 348页 | |
| 开本: | 21cm | |
| 丛书名: | 艺术与思想史丛书 | |
| 单 册: | ||
| 中图分类: | B210.5 , K220.3 , B2-53 | |
| 科图分类: | ||
| 主题词: | 思想史--研究--中国--古代 , 思想史 , 文化史 , 文化史--研究--中国--古代 , 哲学--中国 | |
| 电子资源: | ||
| ISBN: | 7-301-04736-3 | |
| 000 | 01030oam2 2200325 450 | |
| 001 | 1162721281 | |
| 005 | 20110929173424.10 | |
| 010 | @a7-301-04736-3@dCNY18.00 | |
| 100 | @a20010626d2001 kemy0chiy0110 ea | |
| 101 | 0 | @achi |
| 102 | @aCN@b110000 | |
| 105 | @ay z 000yy | |
| 106 | @ar | |
| 200 | 1 | @a中国古代思想文化的历史论析@Azhong guo gu dai si xiang wen hua de li shi lun xi@f陈启云著 |
| 210 | @a北京@c北京大学出版社@d2001 | |
| 215 | @a348页@d21cm | |
| 225 | 2 | @a艺术与思想史丛书 |
| 330 | @a本书包括:“思想文化史学”论析、中国历史分期的观念问题、中华古代神话的“转轴”理念和心态、中国古代思想发展的认识论基础等内容。 | |
| 461 | 0 | @12001 @a艺术与思想史丛书 |
| 606 | 0 | @a思想史@x研究@y中国@z古代 |
| 606 | 0 | @a思想史 |
| 606 | 0 | @a文化史 |
| 606 | 0 | @a文化史@x研究@y中国@z古代 |
| 606 | 0 | @a哲学@x中国 |
| 690 | @aB210.5@v4 | |
| 690 | @aK220.3@v4 | |
| 690 | @aB2-53@v4 | |
| 701 | 0 | @a陈启云@f(1933~)@Achen qi yun@4著 |
| 801 | 0 | @aCN@bNLC@c20010704 |
| 905 | @a10447@dB2-53@eJY173 | |
| 中国古代思想文化的历史论析/陈启云著 .-北京:北京大学出版社,2001 |
| 348页;21cm .-(艺术与思想史丛书 ) |
| ISBN 7-301-04736-3:CNY18.00 |
| 本书包括:“思想文化史学”论析、中国历史分期的观念问题、中华古代神话的“转轴”理念和心态、中国古代思想发展的认识论基础等内容。 |
| ● |
| 相关链接 |
|
|
|
|
正题名:中国古代思想文化的历史论析
索取号:B2-53/JY173
 
预约/预借
| 序号 | 登录号 | 条形码 | 馆藏地/架位号 | 状态 | 备注 |
| 1 | 7824721 | 278247210 | 学院路分馆/ [索取号:B2-53/JY173] | 在馆 | |
| 2 | 7824722 | 278247229 | 学院路分馆/ [索取号:B2-53/JY173] | 在馆 |